| 000 | 01746cam a22004814i 4500 | ||
|---|---|---|---|
| 003 | PE-LiUPU | ||
| 005 | 20250731184533.0 | ||
| 008 | 150623s1998 ctua rb 000 0 eng d | ||
| 020 | _a0300074182 | ||
| 035 | _a(Sirsi) i9780300074185 | ||
| 040 |
_aPE-LiUPU _bspa _cPE-LiUPU _erda |
||
| 049 | _aPRUA | ||
| 082 | 0 | 4 |
_a935 _bR96 _221 |
| 100 | 1 |
_aRussell, John Malcolm, _eautor. |
|
| 245 | 1 | 4 |
_aThe final sack of Nineveh : _bthe discovery, documentation, and destruction of King Sennacherib's throne room at Nineveh, Iraq / _cJohn Malcolm Russell. |
| 264 | 1 |
_aNew Haven : _bYale University Press, _c1998. |
|
| 300 |
_a247 páginas : _bilustraciones ; _c29 centímetros |
||
| 336 |
_atext _2rdacontent |
||
| 337 |
_aunmediated _2rdamedia |
||
| 338 |
_avolume _2rdacarrier |
||
| 504 | _aIncluye bibliografía. | ||
| 505 | 0 | _aHistoriography -- Sennacherib's throne-room suite -- Patterns of destruction -- Plates. | |
| 526 | _aP136 | ||
| 526 | _aP135 | ||
| 526 | _aP134 | ||
| 526 | _aP133 | ||
| 526 | _aP144 | ||
| 526 | _aP143 | ||
| 526 | _aP87 | ||
| 526 | _aP35 | ||
| 526 | _aP20 | ||
| 526 | _aP14 | ||
| 526 | _aP10 | ||
| 526 | _aP06 | ||
| 650 | 0 | 4 |
_aEscultura, asirio-babilónico _zIraq- Nínive (ciudad extinta). |
| 650 | 0 | 4 | _aPalacio de Senaquerib (Nínive). |
| 942 |
_2ddc _cBOOK |
||
| 949 |
_a935 R96 _wDEWEY _c1 _i47196 _lCCODEBUL1 _mBUL _r0 _sY _tBOOK _u2015-6-24 _xTEOLOGIA _PP35 _0COMPRA _o.STAFF. Colección General |
||
| 994 |
_aC0 _bPEPRU |
||
| 596 | _a1 | ||
| 999 |
_a935 R96 _wDEWEY _c23747 _i47196 _d23747 _e2017-10-9 _f2021-11-11 _g5 _lCCODEBUL1 _mBUL _n1 _p15.00 _q1 _r0 _sY _tBOOK _u2015-6-24 _xTEOLOGIA _PP35 _0COMPRA _o.STAFF. Colección Teología |
||
| 980 |
_81 _gALBERTO SANCHEZ Responsable de Automatización |
||